| 000 | 01305pam a2200289 a 4500 | ||
|---|---|---|---|
| 001 | 2485640 | ||
| 005 | 20030910210910.0 | ||
| 008 | 910320s1992 nyua b 001 0 eng | ||
| 010 | _a 91004751 | ||
| 020 | _a8126513703(cloth) | ||
| 040 |
_aDLC _cDLC _dDLC |
||
| 050 | 0 | 0 |
_aQ327 _b.S27 1992 |
| 082 | 0 | 0 |
_a006.4 _220 _bSCH |
| 100 | 1 |
_aSchalkoff, Robert J. _911689 |
|
| 245 | 1 | 0 |
_aPattern recognition : _bstatistical, structural, and neural approaches / _cRobert J. Schalkoff. |
| 250 | _bIndian ed. | ||
| 260 |
_aNew Delhi : _bJ. Wiley: india , _cc1992. |
||
| 300 |
_axix, 364 p. : _bill. ; _c25 cm. |
||
| 500 | _aIncludes Index. | ||
| 504 | _aIncludes bibliographical references (p. 344-359) and index. | ||
| 650 | 0 |
_aPattern perception _xStatistical methods. _911690 |
|
| 856 | 4 | 2 |
_3Publisher description _uhttp://www.loc.gov/catdir/description/wiley033/91004751.html |
| 856 | 4 |
_3Table of Contents _uhttp://www.loc.gov/catdir/toc/onix04/91004751.html |
|
| 942 |
_2ddc _cBB |
||
| 999 |
_c13463 _d13463 |
||